000 00526nam a2200181Ia 4500
005 20250326140314.0
008 250326s9999 xx 000 0 und d
037 _aTextbook
040 _aFMSL
_beng
_cFMSL
041 _aeng
_2eng
084 _aX:89A M7
_qFMSL
100 _aPrakash O
_9742006
245 0 _aRatio analysis for management in view perspective: management ratios
_cPrakash O
260 _aBombay
_bBombay, Himalaya
_c1987
300 _a432p
942 _cTB
_hX:89A M7
999 _c1285168
_d1285168